योग शिक्षा/ (Record no. 215545)

MARC details
000 -LEADER
fixed length control field 00689nam a22001817a 4500
005 - DATE AND TIME OF LATEST TRANSACTION
control field 20260312152217.0
010 ## - LCCN (DPL NO)
LC control number HIN-131112
020 ## - INTERNATIONAL STANDARD BOOK NUMBER
International Standard Book Number 9789390823062
Terms of availability 750.00
035 ## - SYSTEM CONTROL NUMBER
System control number HN-103458
037 ## - SOURCE OF ACQUISITION
Source of stock number/acquisition DBAD
082 ## - DEWEY DECIMAL CLASSIFICATION NUMBER
Classification number 6137046
Edition number 1
100 ## - MAIN ENTRY--PERSONAL NAME
Personal name काजला,निकिता
245 ## - TITLE STATEMENT
Title योग शिक्षा/
Statement of responsibility, etc निकिता,काजला
260 ## - PUBLICATION, DISTRIBUTION, ETC. (IMPRINT)
Place of publication, distribution, etc पिलानी
Name of publisher, distributor, etc स्वेता मल्टीमीडिया
Date of publication, distribution, etc 2024
270 ## - ADDRESS
Address 83, शिवकॉलोनी,राजगढ़,
City जयपुर
Postal code 333031
300 ## - PHYSICAL DESCRIPTION
Extent 271पृ.
Dimensions 22सेमी (अजिल्द)
942 ## - ADDED ENTRY ELEMENTS (KOHA)
Source of classification or shelving scheme Dewey Decimal Classification
Item type Hindi Books
Classification part 613.7046
Call number suffix काजला
Holdings
Withdrawn status Lost status Not for loan Collection code Home library Current library Date acquired Source of acquisition Cost, normal purchase price Full call number Barcode Copy number Cost, replacement price Koha item type
      Non-fiction Central Jail Tihar Central Jail Tihar 12/03/2026 Delivery of Books Act Division 750.00 613.7046 काजला HN-103458 1 750.00 Hindi Books

© Delhi Public Library
Hit Counter
free hit counter